Gramática latina

Gorde:
Xehetasun bibliografikoak
Egile nagusia: Errandonea, Ignacio
Formatua: Liburua
Hizkuntza:Undetermined
Argitaratua: Medellín, Colombia Editorial Bedout 1949
Edizioa:13
Gaiak:
Etiketak: Etiketa erantsi
Etiketarik gabe, Izan zaitez lehena erregistro honi etiketa jartzen!

MARC

LEADER 00000nam a2200000Ia 4500
008 170316s9999 xx 000 0 und d
090 |a 415-L E-3g 
100 |a Errandonea, Ignacio 
245 |a Gramática latina 
250 |a 13 
260 |a Medellín, Colombia 
260 |b Editorial Bedout 
260 |c 1949 
300 |a 351 páginas 
650 |a GRAMÁTICA LATINA 
650 |a MORFOLOGÍA 
650 |a EL ADJETIVO 
650 |a EL SUSTANTIVO 
650 |a EL ADJETIVO 
650 |a REGLAS FONÉTICAS 
650 |a EL PRONOMBRE 
650 |a LA CONJUGACIÓN 
650 |a VERBOS 
650 |a SINTAXIS 
650 |a PROSODIA 
650 |a MÉTRICA 
650 |a FONÉTICA 
650 |a MORFOLOGÍA 
999 |c 19625  |d 19625 
040 |a cru BVZT 
942 |c 15 D  |h 415-L E-3g  |2 z